Les pays d'Amérique et d'Océanie qui se finissent par -ie. - Statistiques

Statistiques générales
  • Ce quiz a été pris 115 fois
  • Le résultat moyen est 4 sur 5
Statistiques - réponses
Pays % Correct
Australie
92%
Colombie
92%
Bolivie
90%
Micronésie
80%
Sainte-Lucie
60%
Aucun quiz correspondant
Distribution des résultats
% des personnes avec chaque résultat
Percentile par nombre de réponses
Votre historique - résultats
Vous n’avez pas pris ce quiz